Statistics for Every SpongeBob Episode (Seasons 1-12)

Click here to take the quiz!

General Stats

  • This quiz has been taken 17 times
  • The average score is 97 of 500

Answer Stats

Episode (#)S#Episode Title (S1-12)Episode Premiere Date% Correct
1A1Help WantedMay 1, 1999
100%
3B1Plankton!July 31, 1999
73%
1C1Tea at the TreedomeMay 1, 1999
73%
35B2Band GeeksSeptember 7, 2001
64%
3A1JellyfishingJuly 31, 1999
64%
1B1Reef BlowersMay 1, 1999
64%
13B1I was a Teenage GaryOctober 28, 1999
55%
6A1Mermaid Man and Barnacle BoyAugust 21, 1999
55%
15A1Sleepy TimeJanuary 17, 2000
55%
131B7A Pal for GaryJanuary 2, 2010
45%
925Atlantis SquarePantisNovember 12, 2007
45%
23B2Bubble BuddyFebruary 3, 2001
45%
2A1BubblestandJuly 17, 1999
45%
52A3Chocolate with NutsJune 1, 2002
45%
282Christmas Who?December 7, 2000
45%
10A1Culture ShockSeptember 18, 1999
45%
20A1HookyFebruary 23, 2001
45%
50B3Krusty Krab Training VideoMay 10, 2002
45%
20B1Mermaid Man and Barnacle Boy IIMarch 3, 2001
45%
31A2Mermaid Man and Barnacle Boy IIISeptember 14, 2001
45%
45A3Mermaid Man and Barnacle Boy IVJanuary 21, 2002
45%
52B3Mermaid Man and Barnacle Boy VJune 1, 2002
45%
6B1PicklesAugust 21, 1999
45%
33A2ShanghaiedMarch 9, 2001
45%
8B1Squeaky BootsSeptember 17, 1999
45%
26B2SquidvilleApril 28, 2001
45%
15B1SudsJanuary 17, 2000
45%
543UghMarch 5, 2004
45%
72A4All That GlittersJune 2, 2006
36%
17A1Arrgh!March 15, 2000
36%
38B2Artist UnknownSeptember 21, 2001
36%
4B1Boating SchoolAugust 7, 1999
36%
22B2Bossy BootsOctober 20, 2000
36%
42A3Club SpongeBobJuly 12, 2002
36%
664Dunces and DragonsFebruary 20, 2006
36%
19A1Fools in AprilApril 1, 2000
36%
34B2FrankendoodleJanuary 21, 2002
36%
10B1F.U.N.September 18, 1999
36%
83C5Fungus Among UsSeptember 29, 2007
36%
33B2Gary Takes a BathJuly 26, 2003
36%
2009Goodbye, Krabby Patty?February 20, 2017
36%
634Have You Seen This Snail?November 11, 2005
36%
101A6House FancyJune 6, 2008
36%
44B3Idiot BoxMarch 1, 2002
36%
37B2I'm With StupidOctober 19, 2001
36%
11A1MuscleBob BuffPantsOctober 2, 1999
36%
44A3Nasty PattyMarch 1, 2002
36%
19B1Neptune's SpatulaApril 1, 2000
36%
73A4New LeafSeptember 22, 2006
36%
5A1Pizza DeliveryAugust 14, 1999
36%
27A2Prehibernation WeekMay 5, 2001
36%
32A2PressureMay 12, 2001
36%
37A2ProcrastinationOctober 19, 2001
36%
2B1Ripped PantsJuly 17, 1999
36%
17B1Rock BottomMarch 15, 2000
36%
77B4Rule of DumbFebruary 19, 2007
36%
14A1SB-129December 31, 1999
36%
13A1Scaredy PantsOctober 28, 1999
36%
46A3Snowball EffectFebruary 22, 2002
36%
22A2Something SmellsOctober 20, 2000
36%
21B2Squid's Day OffFebruary 18, 2001
36%
79B4Squid WoodJuly 24, 2007
36%
31B2Squirrel JokesSeptember 14, 2001
36%
29A2Survival of the IdiotsMarch 17, 2001
36%
43B3The BullyOctober 5, 2001
36%
12A1The ChaperoneMarch 8, 2000
36%
32B2The Smoking PeanutMay 12, 2001
36%
123-1246Truth or SquareNovember 6, 2009
36%
16A1Valentine's DayFebruary 14, 2000
36%
18B1Walking SmallMarch 22, 2000
36%
34A2Welcome to the Chum BucketJanuary 21, 2002
36%
72B4Wishing You WellJune 2, 2006
36%
25A2WormyFebruary 24, 2001
36%
21A2Your Shoe's UntiedFebruary 17, 2001
36%
90A5A Flea in Her DomeAugust 1, 2007
27%
47A3As Seen on TVMarch 8, 2002
27%
80A4Best Day EverNovember 10, 2006
27%
78B4Best FrenemiesMarch 31, 2007
27%
23A2Big Pink LoserFebruary 3, 2001
27%
56A3Born Again KrabsOctober 4, 2003
27%
87B5Breath of Fresh SquidwardJuly 26, 2007
27%
167B8Bubble Buddy ReturnsNovember 25, 2011
27%
74A4Bummer VacationOctober 13, 2006
27%
47B3Can You Spare a Dime?March 8, 2002
27%
70A4Chimps AhoyMay 5, 2006
27%
53B3ClamsSeptember 20, 2002
27%
45B3Doing TimeJanuary 21, 2002
27%
77A4Driven to TearsFebruary 19, 2007
27%
29B2DumpedMay 11, 2001
27%
24A2Dying for PieJanuary 27, 2001
27%
146B7EarwormNovember 27, 2010
27%
12B1Employee of the MonthMarch 8, 2000
27%
61A4Fear of a Krabby PattyMay 6, 2005
27%
815Friend or FoeApril 13, 2007
27%
65B4Funny PantsSeptember 30, 2005
27%
70B4Ghost HostMay 5, 2006
27%
104B6GoneMarch 5, 2008
27%
64B4Good NeighborsMay 20, 2005
27%
26A2Grandma's KissesApril 28, 2001
27%
36A2Graveyard ShiftSeptember 6, 2002
27%
7A1Hall MonitorAugust 28, 1999
27%
76B4Hocus PocusJanuary 15, 2007
27%
5B1Home Sweet PineappleAugust 14, 1999
27%
24B2Imitation KrabsJanuary 27, 2001
27%
30B2I'm Your Biggest FanaticApril 14, 2001
27%
231B11Ink LemonadeMay 9, 20182
27%
1758It's a SpongeBob Christmas!December 6, 2012
27%
39A2Jellyfish HunterSeptember 28, 2001
27%
7B1Jellyfish JamAugust 28, 1999
27%
43A3Just One BiteOctober 5, 2001
27%
14B1Karate ChoppersDecember 31, 1999
27%
71B4Karate IslandMay 12, 2006
27%
49A3Krab BorgMarch 29, 2002
27%
57A3Krabby LandApril 3, 2004
27%
62B4Krabs vs. PlanktonMay 13, 2005
27%
36B2Krusty LoveSeptember 6, 2002
27%
69A4Krusty TowersApril 1, 2006
27%
181A9License to MilkshakeSeptember 7, 2012
27%
27B2Life of CrimeMay 5, 2001
27%
182A9Little Yellow BookMarch 2, 2013
27%
67B4Mermaid Man and Barnacle Boy VIOctober 7, 2005
27%
58A3Missiing IdentityJanuary 19, 2004
27%
69B4Mrs. Puff, You're FiredApril 1, 2006
27%
42B3My Pretty SeahorseJuly 12, 2002
27%
9A1Nature PantsSeptember 11, 1999
27%
4A1Naughty Nautical NeighborsAugust 7, 1999
27%
48A3No Weenies AllowedMarch 15, 2002
27%
73B4Once BittenSeptember 29, 2006
27%
46B3One Krabs TrashFebruary 22, 2002
27%
9B1Opposite DaySeptember 11, 1999
27%
68A4Patrick SmartPantsOctober 21, 2005
27%
25B2Patty HypeFebruary 24, 2001
27%
965Pest of the WestApril 11, 2008
27%
58B3Plankton's ArmyJanuary 19, 2004
27%
186B9Plankton's PetJanuary 19, 2013
27%
60B3Pranks a LotOctober 11, 2004
27%
49B3Rock-a-Bye BivalveMarch 29, 2002
27%
121A6Sand Castles in the SandMarch 16, 2009
27%
40B2Sandy, SpongeBob, and the WormOctober 12, 2001
27%
8A1Sandy's RocketSeptember 17, 1999
27%
65A4Selling OutSeptember 23, 2005
27%
61B4Shell of a ManMay 6, 2005
27%
88C5Slimy DancingJuly 31, 2007
27%
60A3SpongeBob Meets the StranglerOctober 11, 2004
27%
1347SpongeBob's Last StandApril 22, 2010
27%
41B3SpongeGuard on DutyMarch 22, 2002
27%
217A11Spot ReturnsJune 24, 2017
27%
84A5Spy BuddiesJuly 23, 2007
27%
68B4SquidBob TentaclePantsNovember 4, 2005
27%
40A2Squid on StrikeOctober 12, 2001
27%
116A6Squid's VisitJune 4, 2009
27%
11B1Squidward the Unfriendly GhostOctober 2, 1999
27%
48B3Squilliam ReturnsMarch 15, 2002
27%
18A1TexasMarch 22, 2000
27%
146A7The Abrasive SideNovember 27, 2010
27%
41A3The Algae's Always GreenerMarch 22, 2002
27%
57B3The Camping EpisodeApril 3, 2004
27%
113B6The CardNovember 28, 2008
27%
39B2The Fry Cook GamesSeptember 28, 2001
27%
80B4The Gift of GumFebruary 19, 2007
27%
89A5The Krusty SpongeJuly 24, 2007
27%
16B1The PaperFebruary 14, 2000
27%
35A2The Secret BoxSeptember 7, 2001
27%
105A6The SplinterJune 2, 2008
27%
593The Sponge Who Could FlyMarch 21, 2003
27%
76A4The ThingJanuary 15, 2007
27%
83B5WaitingFebruary 19, 2007
27%
985What Ever Happened to SpongeBob?October 13, 2008
27%
74B4WigstruckOctober 6, 2006
27%
97A520,000 Patties Under the SeaNovember 23, 2007
18%
155A8A Friendly GameMarch 26, 2011
18%
1598A SquarePants Family VacationNovember 11, 2011
18%
135A7Back to the PastFebruary 15, 2010
18%
100A5Banned in Bikini BottomNovember 23, 2007
18%
152A7Big Sister SamJanuary 15, 2011
18%
94A5Blackened SpongeAugust 3, 2007
18%
93C5BlackJackAugust 2, 2007
18%
109A6Boating BuddiesAugust 7, 2008
18%
78A4Born to Be WildMarch 31, 2007
18%
86B5Bucket Sweet BucketJuly 27, 2007
18%
201B9Bulletin BoardOctober 1, 2016
18%
115B6Cephalopod LodgeFebruary 17, 2009
18%
112B6Choir BoysMarch 20, 2009
18%
122A6Chum Bucket SupremeJuly 19, 2009
18%
176B8Chum FricasseeOctober 21, 2012
18%
114A6Dear VikingsNovember 28, 2008
18%
252B12Dirty Bubble ReturnsNovember 23, 2019
18%
114B6Ditchin'November 28, 2008
18%
229A11Doodle DimensionMarch 9, 2018
18%
183A9Eek, an Urchin!October 27, 2012
18%
145B7Enchanted Tiki DreamsJune 19, 2010
18%
67A4Enemy In-LawOctober 14, 2005
18%
179A9Extreme SpotsJuly 21, 2012
18%
172A8Face Freeze!July 21, 2012
18%
215A10Feral FriendsOctober 7, 2017
18%
174B8For Here or to GoApril 12, 2012
18%
1568Frozen Face-OffJuly 15, 2011
18%
137B7Gary in LoveFebruary 6, 2010
18%
91A5Goo Goo GasJuly 19, 2009
18%
23711Goons on the MoonNovember 25, 2018
18%
115A6Grandpappy the PirateFebruary 18, 2009
18%
110B6Grooming GaryNovember 28, 2008
18%
1788Hello Bikini BottomOctober 8, 2012
18%
56B3I Had an AccidentOctober 4, 2003
18%
171B8InSPONGEiacApril 9, 2012
18%
1859It Came from Goo LagoonFebruary 17, 2014
18%
144B7Karate StarJuly 9, 2010
18%
131A7Keep Bikini Bottom BeautifulJanuary 2, 2010
18%
188A9Kenny the CatMarch 29, 2014
18%
101B6Krabby RoadMarch 3, 2008
18%
85B5Krabs á la ModeJuly 27, 2007
18%
150A7Krusty DogsOctober 9, 2010
18%
113A6Krusty KrushersNovember 28, 2008
18%
91B5Le BIg SwitchSeptember 29, 2007
18%
213B10Lost and FoundJune 10, 2017
18%
197A9Mall Girl PearlMarch 12, 2016
18%
163A8Mermaid Man BeginsSeptember 23, 2011
18%
94B5Mermaid Man vs. SpongeBobAugust 3, 2007
18%
55B3Mid-Life CrustaceanJanuary 24, 2003
18%
207A10Mimic MadnessFebruary 25, 2017
18%
88A5Money TalksJuly 31, 2007
18%
231A11My Leg!May 8, 2018
18%
85A5New DigsJuly 25, 2007
18%
82B5Night LightJuly 30, 2007
18%
30A2No Free RidesApril 14, 2001
18%
104A6Not NormalMarch 4, 2008
18%
137A7One Coarse MealMarch 25, 2010
18%
513Party Pooper PantsMay 17, 2002
18%
93B5Pat No PayAugust 2, 2007
18%
180A9Patrick-Man!October 27, 2012
18%
214A10Patrick's CouponJune 17, 2017
18%
160A8Patrick's StaycationNovember 8, 2011
18%
194A9Patrick! The GameNovember 11, 2015
18%
102A6Penny FoolishMarch 7, 2008
18%
152B7Perfect ChemistryFebruary 26, 2011
18%
164B8Pet Sitter PatSeptember 16, 2011
18%
93A5Picture DayAugust 2, 2007
18%
112A6Porous PocketsNovember 28, 2008
18%
117B6Professor SquidwardFebruary 19, 2009
18%
83A5Rise and ShineFebruary 19, 2007
18%
86A5Roller CowardsJuly 27, 2007
18%
193A9Sanctuary!October 16, 2015
18%
251B12Senior DiscountJuly 6, 2019
18%
121B6Shell ShockedJune 1, 2009
18%
117A6ShuffleboardingFebruary 16, 2009
18%
89B5Sing a Song of PatrickFebruary 19, 2007
18%
122B6Single Cell AnniversaryJune 3, 2009
18%
64A4Skill CraneMay 20, 2005
18%
105B6Slide Whistle StoogesFebruary 16, 2009
18%
129A7Someone's in the Kitchen With SandyJuly 19, 2009
18%
218A11Spin the BottleJuly 16, 2017
18%
254-25512SpongeBob's Big Birthday BlowoutJuly 12, 2019
18%
88B5SpongeBob vs. The Patty GadgetJuly 31, 2007
18%
1899SpongeBob, You're Fired!November 11, 2013
18%
142B7Sponge-Cano!January 28, 2011
18%
181B9Squid BabySeptember 3, 2012
18%
224A11Squid NoirNovember 10, 2017
18%
75A4Squidtastic VoyageOctober 6, 2006
18%
133B7Squidward in ClarinetlandMarch 24, 2010
18%
179B9Squirrel RecordsJuly 21, 2012
18%
100B5Stanley S. SquarePantsNovember 23, 2007
18%
128B7Stuck in the WringerJuly 19, 2009
18%
221B11Stuck on the RoofNovember 6, 2017
18%
106B6Sun BleachedJune 5, 2008
18%
127A7Tentacle-VisionJuly 19, 2009
18%
75B4That's No LadyNovember 25, 2006
18%
135B7The Bad Guy Club for VillainsFebruary 15, 2010
18%
97B5The Battle of Bikini BottomNovember 23, 2007
18%
1266The Clash of TritonJuly 5, 2010
18%
90B5The Donut of ShameAugust 1, 2007
18%
55A3The Great Snail RaceJanuary 24, 2003
18%
262B12The HankeringNovember 30, 2019
18%
212A10The Incredible Shrinking SpongeDecember 2, 2017
18%
95A5The Inmates of SummerNovember 23, 2007
18%
109B6The Krabby KronicleAugust 8, 2008
18%
90C5The Krusty PlateAugust 1, 2007
18%
22011The Legends of Boo-Kini BottomOctober 13, 2017
18%
82A5The Original Fry CookJuly 30, 2007
18%
194B9The Sewers of Bikini BottomNovember 11, 2015
18%
87A5To Love a PattyJuly 26, 2007
18%
95B5To Save a SquirrelNovember 23, 2007
18%
116B6To SquarePants or Not to SquarePantsJuly 17, 2009
18%
120B6Toy Store of DoomMarch 17, 2009
18%
174A8Treats!April 10, 2012
18%
149B7Tunnel of GloveFebruary 12, 2011
18%
197B9Two Thumbs DownMarch 12, 2016
18%
140B7Welcome to the Bikini Bottom TriangleJanuary 28, 2011
18%
50A3Wet PaintersMay 10, 2002
18%
71A4Whale of a BirthdayMay 12, 2006
18%
193B9What's Eating Patrick?October 2, 2015
18%
148B7Whelk AttackOctober 2, 2010
18%
188B9Yeti KrabsMarch 29, 2015
18%
262A12A Cabin in the KelpOctober 12, 2019
9%
153A8Accidents Will HappenJuly 18, 2011
9%
136A7A Day Without TearsMarch 22, 2010
9%
106A6A Life in a DayJune 4, 2008
9%
238A11Appointment TVOctober 28, 2018
9%
169A8Are You Happy Now?March 31, 2012
9%
164A8Barnacle FaceSeptember 16, 2011
9%
253B12Biddy SittingFebruary 8, 2020
9%
84B5Boat SmartsJuly 23, 2007
9%
258A12Boss for a DayJuly 17, 2020
9%
230B11Bottle BurglarsApril 13, 2018
9%
257B12Breakin'September 14, 2019
9%
250A12Broken AlarmJuly 6, 2019
9%
240A11BubbletownOctober 28, 2018
9%
182B9Bumper to BumperNovember 17, 2012
9%
223B11Bunny HuntMarch 30, 2018
9%
145A7Buried in TimeSeptember 18, 2010
9%
210B10Burst Your BubbleMarch 18, 2017
9%
216A11Cave Dwelling SpongeSeptember 23, 2017
9%
226A11Chatterbox GaryFebruary 12, 2018
9%
235B11ChefBobAugust 9, 2018
9%
125B6Chum CavernsJuly 18, 2009
9%
206B10Code YellowJune 3, 2017
9%
192A9Company PicnicSeptember 25, 2015
9%
198B9CopyBob DittoPantsMay 5, 2016
9%
225A11Cuddle E. HugsNovember 8, 2017
9%
173B8Demolition DoofusJuly 21, 2012
9%
226B11Don't Feed the ClownsFebruary 12, 2018
9%
187A9Don't Look NowOctober 13, 2013
9%
215B10Don't Wake PatrickOctober 7, 2017
9%
227A11Drive HappyFebruary 13, 2018
9%
154A8Drive ThruJuly 19, 2011
9%
184B9Evil SpatulaMarch 9, 2013
9%
242A12FarmerBobNovember 11, 2018
9%
168B8Fiasco!April 5, 2012
9%
202A9Food Con CastawaysJuly 13, 2016
9%
170A8Free SamplesApril 6, 2012
9%
228A11Fun-Sized FriendsFebruary 15, 2018
9%
242B12Gary & SpotJuly 27, 2019
9%
245A12Gary's Got LegsJuly 27, 2019
9%
180B9Gary's New ToyOctober 14, 2012
9%
1628Ghoul FoolsOctober 21, 2011
9%
240B11Girls' Night OutNovember 4, 2018
9%
172B8Glove World R.I.P.April 3, 2012
9%
84C5Good Ol' WhatshisnameJuly 23, 2007
9%
139A7Gramma's Secret RecipeJuly 6, 2010
9%
228B11Grandmum's the WordFebruary 16, 2018
9%
130A7Greasy BuffoonsNovember 27, 2010
9%
128A7Growth SpoutJuly 19, 2009
9%
119A6Gullible PantsJune 5, 2009
9%
257A12HandemoniumNovember 23, 2019
9%
261B12Hiccup PlagueApril 22, 2022
9%
147A7Hide and Then What Happens?August 9, 2010
9%
230A11High Sea DivingApril 6, 2018
9%
170B8Home Sweet RubbleApril 4, 2012
9%
165A8House Sittin' for SandySeptember 30, 2011
9%
207B10House WormingFebruary 25, 2017
9%
127B7I Heart DancingJuly 19, 2009
9%
249B12Insecurity GuardsJune 29, 2019
9%
184A9Jailbreak!March 16, 2013
9%
253A12Jolly LodgersMarch 7, 2020
9%
171A8Karen 2.0April 13, 2012
9%
238B11Karen's VirusNovember 4, 2018
9%
245B12King PlanktonJune 22, 2019
9%
118B6Komputer OverloadMarch 19, 2009
9%
222A11Krabby Patty Creature FeatureOctober 21, 2017
9%
132B7Kracked KrabsSeptember 11, 2010
9%
208B10Krusty KateringMarch 4, 2017
9%
233B11Krusty KleanersAugust 7, 2018
9%
199B9Lame and FortuneJuly 11, 2016
9%
195B9Larry's GymFebruary 15, 2016
9%
219B11Larry the Floor ManagerSeptember 30, 2017
9%
236B11Library CardsSeptember 25, 2018
9%
210A10Life InsuranceMarch 18, 2017
9%
261A12Lighthouse LouieJanuary 18, 2021
9%
190A9Lost in Bikini BottomJuly 16, 2015
9%
151B7Love That SquidFebruary 12, 2011
9%
219A11Man Ray ReturnsSeptember 30, 2017
9%
196B9Married to MoneyMay 3, 2016
9%
205B10Mermaid PantsOctober 29, 2016
9%
130B7Model SpongeNovember 27, 2010
9%
161A8MooncationNovember 10, 2011
9%
177B8Move It or Lose ItOctober 21, 2012
9%
229B11Moving Bubble BassMarch 16, 2018
9%
161B8Mr. Krabs Takes a VacationNovember 9, 2011
9%
232A11Mustard O' MineMay 10, 2018
9%
204A9Mutiny on the Krusty KrabOctober 8, 2016
9%
259B12My Two KrabsesJanuary 18, 2021
9%
102B6Nautical NoviceMarch 29, 2008
9%
151A7New Fish in TownJanuary 15, 2011
9%
53A3New Starfish StudentSeptember 20, 2002
9%
120A6No Hat for PatJuly 19, 2009
9%
221A11No Pictures PleaseNovember 6, 2017
9%
227B11Old Man PatrickFebruary 14, 2018
9%
247B12One Trick SpongeApril 11, 2020
9%
157B8Oral ReportMarch 26, 2011
9%
214B10Out of the PictureJune 17, 2017
9%
119B6OverbookedJuly 19, 2009
9%
260B12Pat Hearts SquidJuly 9, 2021
9%
234A11PatnocchioAugust 8, 2018
9%
225B11Pat the HorseDecember 2, 2017
9%
108A6Patty CaperAugust 5, 2008
9%
118A6Pets or PestsMarch 18, 2009
9%
125A6Pineapple FeverJune 2, 2009
9%
203A9Pineapple InvasionJuly 14, 2016
9%
244B12Pineapple RVJuly 17, 2020
9%
169B8Planet of the JellyfishMarch 31, 2012
9%
209B10Plankton Gets the BootMarch 11, 2017
9%
235A11Plankton ParanoiaSeptember 26, 2018
9%
211A10Plankton RetiresMarch 25, 2017
9%
163B8Plankton's Good EyeSeptember 23, 2011
9%
246A12Plankton's Old ChumNovember 30, 2019
9%
192B9Pull Up a BarrelSeptember 18, 2015
9%
168A8Restraining SpongebobApril 2, 2012
9%
138B7Rodeo DazeFebruary 6, 2010
9%
186A9Safe Deposit KrabsMay 25, 2013
9%
38A2Sailor MothSeptember 21, 2001
9%
203B9Salsa ImbecilicusJuly 15, 2016
9%
201A9Sandy's NutmareJuly 12, 2016
9%
249A12Sandy's Nutty NiecesJune 29, 2019
9%
223A11Sanitation InsanityMay 7, 2018
9%
187B9Séance ShméanceOctober 14, 2013
9%
155B8Sentimental SpongeApril 2, 2011
9%
198A9Sharks vs. PodsMay 4, 2016
9%
147B7Shellback ShenanigansSeptember 18, 2010
9%
251A12Shell GamesMarch 7, 2020
9%
232B11Shopping ListSeptember 24, 2018
9%
165B8Smoothe Jazz at Bikini BottomSeptember 30, 2011
9%
202B9Snail MailOctober 22, 2016
9%
208A10Snooze You LoseMarch 4, 2017
9%
199A9Sold!May 6, 2016
9%
256A12SpongeBob in RandomLandSeptember 21, 2019
9%
195A9SpongeBob LongPantsFebruary 15, 2016
9%
209A10SpongeBob's PlaceMarch 11, 2017
9%
1116SpongeBob SquarePants vs. The Big One
9%
99B5SpongeHengeNovember 23, 2007
9%
103A6SpongicusMarch 29, 2008
9%
212B10Sportz?July 16, 2017
9%
183B9Squid DefenseJanuary 1, 2013
9%
173A8SquiditisApril 11, 2012
9%
191A9Squid Plus OneSeptember 7, 2015
9%
248B12Squid's on a BusSeptember 28, 2019
9%
157A8Squidward's School for Grown-UpsJune 4, 2011
9%
241A11Squirrel JellyNovember 18, 2018
9%
103B6Suction Cup SymphonyMarch 6, 2008
9%
136B7Summer JobMarch 23, 2010
9%
236B11Surf N' TurfNovember 11, 2018
9%
247A12Swamp MatesApril 11, 2020
9%
158A8Sweet and Sour SquidJuly 20, 2011
9%
222B11Teacher's PestsOctober 21, 2017
9%
144A7That Sinking FeelingJuly 8, 2010
9%
243B12The Ballad of the Filthy MuckJanuary 20, 2019
9%
139B7The Cent of MoneyJuly 7, 2010
9%
217B11The Check-UpJune 24, 2017
9%
216B11The Clam WhispererSeptember 23, 2017
9%
133A7The Curse of Bikini BottomOctober 24, 2009
9%
141A7The Curse of the HexJune 11, 2011
9%
191B9The Executive TreatmentSeptember 7, 2015
9%
196A9The Fish BowlMay 2, 2016
9%
213A10The GetawayJune 10, 2017
9%
259A12The Ghost of PlanktonOctober 12, 2019
9%
177A8The Good Krabby NameSeptember 3, 2012
9%
258B12The Goofy NewbieSeptember 28, 2019
9%
158B8The Googly ArtisteJuly 21, 2011
9%
1437The Great Patty CaperNovember 11, 2010
9%
154B8The Hot ShotJune 18, 2011
9%
129B7The Inside JobJuly 19, 2009
9%
167A8The Krabby Patty That Ate Bikini BottomNovember 25, 2011
9%
248A12The Krusty BucketAugust 10, 2019
9%
244A12The Krusty SlammerJanuary 27, 2019
9%
62A4The Lost MatressMay 13, 2005
9%
141B7The Main DrainJanuary 28, 2011
9%
140A7The Monster Who Came to Bikini BottomJanuary 28, 2011
9%
243A12The NitwittingJanuary 13, 2019
9%
153B8The Other PattyJune 25, 2011
9%
79A4The Pink PurloinerFebruary 19, 2007
9%
138A7The Play's the ThingMarch 26, 2010
9%
218B11There's a Sponge in My SoupNovember 7, 2017
9%
110A6The Slumber PartyNovember 28, 2008
9%
241B11The StringNovember 18, 2018
9%
99A5The Two Faces of SquidwardNovember 23, 2007
9%
204B9The Whole ToothDecember 3, 2016
9%
150B7The Wreck of the Mauna LoaOctober 9, 2010
9%
142A7TrenchbilliesJanuary 29, 2011
9%
211B10Trident TroublesMarch 25, 2017
9%
190B9Tutor SauceJuly 16, 2015
9%
206A10Unreal EstateJune 3, 2017
9%
160B8Walking the PlanktonNovember 7, 2011
9%
233A11Whale WatchingAugust 6, 2018
9%
205A10Whirly BrainsOctober 15, 2016
9%
149A7You Don't Know SpongeAugust 9, 2010
9%
132A7Yours, Mine, and MineSeptember 11, 2010
9%
166A8Bubble TroublesNovember 25, 2011
0%
236A11Call the CopsSeptember 27, 2018
0%
107A6Giant SquidwardJune 3, 2008
0%
250B12Karen's BabyAugust 10, 2019
0%
260A12Knock, Knock, Who's There?April 23, 2021
0%
252A12Mind the GapSeptember 14, 2019
0%
107B6No Nose KnowsAugust 4, 2008
0%
108B6Plankton's RegularAugust 6, 2008
0%
224B11Scavenger PantsNovember 9, 2017
0%
256B12SpongeBob's Bad HabitSeptember 21, 2019
0%
246B12Stormy WeatherJune 22, 2019
0%
176A8Super Aquatic Villain Team Up is Go!October 14, 2012
0%
239A11The Grill is GoneOctober 21, 2018
0%
148A7The MasterpieceOctober 2, 2010
0%
239B11The Night PattyOctober 21, 2018
0%
166B8The Way of the SpongeNovember 25, 2011
0%

Score Distribution

Percentile by Number Answered

Percent of People with Each Score

Your Score History

You have not taken this quiz